000 00682nam a2200289Ia 4500
005 20260324140925.0
008 008 260324s9999 xx 000 0 eng d
020 _a9781315036915
037 _aEBOOK
040 _aCRL
040 _beng
040 _cCRL
041 _2eng
041 _aeng
084 _qCRL
100 _aNurit Schleifman
_91206247
245 0 _aRussia at a Crossroads
245 0 _bHistory, Memory and Political Practice
260 _bTaylor and Francis
260 _c1998
365 _a
365 _b155
856 _uhttp://www.taylorfrancis.com/books/9781315036915
942 _cEBOOK
999 _c1808805
_d1808805